000 00282nam a22001337a 4500
008 180118b xxu||||| |||| 00| 0 eng d
020 _a9780673350077
041 _aeng
080 _a91
100 _a42
101 _aGEO
245 _aWORLD GEOGRAPHY
_cSCOTT.F
942 _2udc
_cBK
999 _c40515
_d40515